000 00858nam a2200265 a 4500
001 43278
003 BD-RjUL
005 20211209053656.0
008 160620s1950 nyuaka 001 0 eng
035 _a(BD-RjUL)43396
040 _aDLC
_cWSU
_dSER
_dUKM
_dUBA
_dMYG
_dBD-RjUL
_beng
041 _aeng
082 _a382
_223
_bROT 1950
090 _aHF1007
_b.R6x 1950
100 1 0 _aRosenthal, Morris S.
_q(Morris Sigmund),
_d1897-1958.
_9132927
245 1 0 _aTechniques of international trade :
_bRevision of Technical procedure in exporting and importing /
_cby Morris S. Rosenthal
250 _aInter. stu. ed.
260 _aNew York :
_bMcGraw-Hill,
_c1950
300 _axv, 554 p. :
_bill. ;
_c24 cm.
500 _aIncludes index
650 0 _aCommerce.
_9132928
650 0 _aInternational trade
_9131855
942 _2ddc
_cBK
999 _c43278
_d43278